[Event "OLNW 2122 Hamelner SV - SK Union Oldenb"]
[Site "?"]
[Date "2021.12.12"]
[Round "4.5"]
[White "Peters, Tom"]
[Black "Koch, Yannick"]
[Result "1/2-1/2"]
[WhiteElo "2055"]
[BlackElo "2078"]
[PlyCount "216"]
[EventDate "2021.??.??"]

1. e4 c5 2. Nf3 a6 3. c3 d5 4. exd5 Qxd5 5. d4 e6 6. Be3 cxd4 7. cxd4 Nf6 8.
Be2 Nc6 9. O-O Be7 10. Nc3 Qd6 11. Qd2 O-O 12. Rfd1 Nb4 13. Ne5 Nbd5 14. Rac1
Bd7 15. Nc4 Qb8 16. Nxd5 Nxd5 17. Bf3 Bb4 18. Qc2 b5 19. Ne5 Qd6 20. a3 Rac8
21. Qb3 Ba5 22. Bxd5 exd5 23. Bf4 Qe6 24. h3 Rfd8 25. Rxc8 Rxc8 26. Rc1 Rxc1+
27. Bxc1 Be8 28. Qe3 f6 29. Nd3 Qxe3 30. Bxe3 Bd7 31. Nc5 Bc8 32. Nb3 Bb6 33.
Kf1 a5 34. Ke2 a4 35. Nc1 Bf5 36. Na2 Bd7 37. Kd3 Kf7 38. Bd2 Bf5+ 39. Ke3 Bd7
40. Bb4 Ke6 41. Nc3 g5 42. g4 Bc7 43. Ne2 f5 44. f3 Be8 45. Nc3 fxg4 46. fxg4
Bf4+ 47. Ke2 Bc1 48. Nd1 Bf4 49. Bd2 Bxd2 50. Kxd2 h5 51. Kc3 hxg4 52. hxg4 Kd6
53. Kb4 Bd7 54. Nf2 Kc6 55. Ka5 Kb7 56. Nh3 Bxg4 57. Nxg5 Be2 58. Nf7 Bf1 59.
Ne5 Be2 60. Nd7 Kc6 61. Nb8+ Kb7 62. Na6 Bf1 63. Nb4 Bc4 64. Nc2 Be2 65. Ne3
Kc6 66. Nf5 Bc4 67. Ne7+ Kd7 68. Ng6 Kc7 69. Ne5 Be2 70. Ka6 Bf1 71. Nf3 Be2
72. Ne1 Bf1 73. Nc2 Be2 74. Ka5 Kb7 75. Ne3 Kc6 76. Nf5 Bc4 77. Ne7+ Kd7 78.
Ng6 Kc7 79. Kb4 Kb6 80. Kc3 Kc7 81. Kd2 Kd6 82. Ke3 Ke6 83. Kf4 Kf6 84. Ne5 Bf1
85. Ng4+ Ke6 86. Kg5 Bd3 87. Nf2 Bc2 88. Nh3 Be4 89. Nf4+ Kf7 90. Ne2 Ke6 91.
Ng3 Bd3 92. Nh5 Be4 93. Ng3 Bd3 94. Kg4 Bc2 95. Nf1 Bd3 96. Ne3 Be4 97. Nd1 Bd3
98. Nc3 Bc4 99. Kg5 Bd3 100. Kf4 Bc4 101. Nb1 Bd3 102. Nd2 Bc2 103. Ke3 Kf5
104. Nf3 Bb1 105. Ne5 Ke6 106. Kd2 Kd6 107. Kc3 Kc7 108. Kb4 Kb6 1/2-1/2

[Event "OLNW 2122 Hamelner SV - SK Union Oldenb"]
[Site "?"]
[Date "2021.12.12"]
[Round "4.6"]
[White "Jacobi, Felix-Hagen"]
[Black "Heyne, Lukas"]
[Result "1-0"]
[WhiteElo "2118"]
[BlackElo "2096"]
[PlyCount "78"]
[EventDate "2021.??.??"]

1. e4 c5 2. f4 d5 3. exd5 Nf6 4. Bb5+ Bd7 5. Bxd7+ Qxd7 6. c4 e6 7. dxe6 Qxe6+
8. Qe2 Nc6 9. Nc3 Nb4 10. Qxe6+ fxe6 11. Ke2 O-O-O 12. Nf3 Bd6 13. d3 e5 14. f5
Bc7 15. Rd1 Rhe8 16. Ng5 Nc2 17. Rb1 Nd4+ 18. Kf1 Nxf5 19. Nge4 Nxe4 20. Nxe4
Nd6 21. Bg5 Rd7 22. Nxc5 Rf7+ 23. Ke2 e4 24. Rf1 b6 25. Na6 exd3+ 26. Kxd3 Rd7
27. Nxc7 Kxc7 28. Bf4 Kc6 29. Rbe1 Nf5+ 30. Kc3 Rxe1 31. Rxe1 Rd4 32. g3 g6 33.
Re6+ Kd7 34. Rf6 Re4 35. Rf7+ Re7 36. Rxe7+ Kxe7 37. Bb8 a6 38. Ba7 b5 39. cxb5
axb5 1-0

[Event "OLNW 2122 Hamelner SV - SK Union Oldenb"]
[Site "?"]
[Date "2021.12.12"]
[Round "4.8"]
[White "Moeller, Jonas"]
[Black "Schaefer, Maik"]
[Result "1-0"]
[WhiteElo "1869"]
[BlackElo "1910"]
[PlyCount "69"]
[EventDate "2021.??.??"]

1. e4 c5 2. Nf3 d6 3. d4 cxd4 4. Nxd4 Nf6 5. Nc3 a6 6. h3 e6 7. g4 d5 8. g5
Nxe4 9. Nxe4 dxe4 10. Bg2 e5 11. Nb3 Qxd1+ 12. Kxd1 Bf5 13. Be3 Nc6 14. c3 Be7
15. Nd2 O-O 16. Nxe4 Nd8 17. Ke2 Ne6 18. Ng3 Bc2 19. Rac1 Ba4 20. h4 Bc6 21.
Bxc6 bxc6 22. Rhd1 Rfd8 23. Ne4 Rab8 24. Rxd8+ Bxd8 25. b3 Bb6 26. Rd1 Bxe3 27.
Kxe3 Rd8 28. Rxd8+ Nxd8 29. Nc5 a5 30. b4 axb4 31. cxb4 Kf8 32. a4 Ke7 33. a5
Kd6 34. a6 Kc7 35. a7 1-0

[Event "OLNW 2122 SV Hellern - SVG Salzgitter"]
[Site "?"]
[Date "2022.03.20"]
[Round "4.1"]
[White "Riemay, David"]
[Black "Hoffmann, Alexander"]
[Result "0-1"]
[WhiteElo "2172"]
[BlackElo "2403"]
[PlyCount "112"]
[EventDate "2022.??.??"]

1. d4 Nf6 2. e3 g6 3. b3 Bg7 4. Bb2 O-O 5. Nf3 c5 6. Be2 cxd4 7. exd4 d5 8. O-O
Nc6 9. Nbd2 Bf5 10. Re1 Nb4 11. c3 Nc2 12. Nh4 Nxe1 13. Nxf5 gxf5 14. Qxe1 e6
15. Bd3 Rc8 16. Rc1 Qa5 17. a4 Rfd8 18. f3 Qc7 19. Qh4 h6 20. Nf1 Qb6 21. b4
Qd6 22. Rc2 Qf8 23. Bc1 Rd7 24. Bf4 a6 25. Ng3 Rdc7 26. Bxc7 Rxc7 27. Ne2 a5
28. bxa5 Qa3 29. h3 Qxa4 30. g4 fxg4 31. hxg4 Qxa5 32. g5 hxg5 33. Qxg5 Kf8 34.
Kf2 Rc8 35. Rc1 Qd8 36. Rg1 Ne8 37. Qg4 Qf6 38. Ke3 Nd6 39. Kd2 Ra8 40. Rb1
Ra2+ 41. Ke1 Qh6 42. Qg3 e5 43. Kf2 Bf6 44. Kf1 Qh1+ 45. Kf2 Qh6 46. Kf1 Qd2
47. f4 e4 48. f5 Nxf5 49. Qb8+ Kg7 50. Bb5 Qe3 51. Qh2 Rxe2 52. Bxe2 Ng3+ 53.
Ke1 Qxc3+ 54. Kd1 Qxd4+ 55. Kc2 Qc3+ 56. Kd1 Bg5 0-1

[Event "OLNW 2122 SV Hellern - SVG Salzgitter"]
[Site "?"]
[Date "2022.03.20"]
[Round "4.2"]
[White "Gronde, Ingo"]
[Black "Cevik, Dietmar"]
[Result "1-0"]
[WhiteElo "2247"]
[BlackElo "2216"]
[PlyCount "61"]
[EventDate "2022.??.??"]

1. e4 d6 2. d4 c6 3. Nc3 Nf6 4. Nf3 g6 5. a4 Bg7 6. Be2 O-O 7. O-O Qc7 8. Re1
e5 9. a5 Nbd7 10. Bf1 Re8 11. dxe5 dxe5 12. Nd2 Nc5 13. Nb3 Rd8 14. Qf3 Ne6 15.
Bc4 Nd4 16. Nxd4 Rxd4 17. b3 Rd8 18. Bg5 Qe7 19. Rad1 Rxd1 20. Qxd1 h6 21. Be3
Ng4 22. h3 Nxe3 23. Rxe3 Bf6 24. Rd3 b5 25. axb6 axb6 26. Rd6 Bb7 27. Qd2 Bg5
28. Rd7 Qa3 29. Bxf7+ Kh8 30. Qd1 Qb2 31. Na4 1-0

[Event "OLNW 2122 SV Hellern - SVG Salzgitter"]
[Site "?"]
[Date "2022.03.20"]
[Round "4.3"]
[White "Lau, Udo"]
[Black "Boettcher, Christian"]
[Result "1/2-1/2"]
[WhiteElo "2133"]
[BlackElo "2206"]
[PlyCount "103"]
[EventDate "2022.??.??"]

1. d4 f5 2. Nf3 Nf6 3. g3 g6 4. Bg2 Bg7 5. O-O O-O 6. c4 d6 7. Nc3 Qe8 8. d5 a5
9. Nd4 Na6 10. e4 fxe4 11. Nxe4 Nxe4 12. Bxe4 Bh3 13. Re1 Qf7 14. Be3 Nc5 15.
Bh1 Rab8 16. Qd2 b6 17. Rac1 Rbe8 18. b3 Kh8 19. Rcd1 Bg4 20. f3 Bd7 21. Bg2 e6
22. Ne2 exd5 23. cxd5 Bf5 24. Bd4 Nd3 25. Bxg7+ Qxg7 26. Rf1 Nb4 27. Nf4 Re7
28. a3 Na6 29. Rfe1 Rfe8 30. Rxe7 Qxe7 31. Bf1 Nc5 32. b4 axb4 33. axb4 Nd7 34.
Kf2 Ne5 35. Qc3 Qg7 36. Kg2 h5 37. Re1 Re7 38. Ne6 Bxe6 39. dxe6 g5 40. Bc4 g4
41. f4 Nf3 42. Qxg7+ Kxg7 43. Rd1 Kf6 44. Bd5 c5 45. Bxf3 gxf3+ 46. Kxf3 Kxe6
47. bxc5 dxc5 48. h3 b5 49. g4 hxg4+ 50. hxg4 b4 51. Re1+ Kf7 52. Rxe7+ 1/2-1/2

[Event "OLNW 2122 SV Hellern - SVG Salzgitter"]
[Site "?"]
[Date "2022.03.20"]
[Round "4.4"]
[White "Lehmann, Holger"]
[Black "Lau, Siegfried"]
[Result "1/2-1/2"]
[WhiteElo "2156"]
[BlackElo "1979"]
[PlyCount "31"]
[EventDate "2022.??.??"]

1. c4 e6 2. g3 d5 3. Bg2 Nf6 4. Nf3 Nbd7 5. b3 Be7 6. O-O O-O 7. Bb2 c6 8. Qc2
h6 9. d3 Qc7 10. a3 Re8 11. Nbd2 Bf8 12. d4 b6 13. Ne5 Bb7 14. e4 dxe4 15. Nxe4
c5 16. Nxd7 {(=)} 1/2-1/2

[Event "OLNW 2122 SV Hellern - SVG Salzgitter"]
[Site "?"]
[Date "2022.03.20"]
[Round "4.5"]
[White "Koenig, Sebastian"]
[Black "Stock, Joerg"]
[Result "1-0"]
[WhiteElo "2055"]
[BlackElo "2202"]
[PlyCount "56"]
[EventDate "2022.??.??"]

1. e4 c6 2. d4 d5 3. Nc3 dxe4 4. Nxe4 Bf5 5. Ng3 Bg6 6. Nf3 Nd7 7. h4 h6 8. h5
Bh7 9. Bd3 Bxd3 10. Qxd3 e6 11. Bd2 Ngf6 12. O-O-O Be7 13. Kb1 Qb6 14. c4 Rd8
15. Qc2 O-O 16. Bc3 a5 17. Ne5 Bb4 18. f4 Bxc3 19. Qxc3 c5 20. d5 exd5 21. Nxd7
Rxd7 22. Nf5 Qe6 23. g4 d4 24. Qh3 Qe4+ 25. Ka1 Qxf4 26. g5 hxg5 27. h6 g4 28.
Qh4 gxh6 1-0

[Event "OLNW 2122 SV Hellern - SVG Salzgitter"]
[Site "?"]
[Date "2022.03.20"]
[Round "4.6"]
[White "Lewin, Tammo"]
[Black "Othmer, Michael"]
[Result "1/2-1/2"]
[WhiteElo "2078"]
[BlackElo "1978"]
[PlyCount "89"]
[EventDate "2022.??.??"]

1. d4 g6 2. c4 Bg7 3. e4 d6 4. Ne2 Nf6 5. Nbc3 O-O 6. f3 e5 7. Be3 exd4 8. Nxd4
Nc6 9. Qd2 Re8 10. Be2 Bd7 11. O-O Nxd4 12. Bxd4 c6 13. Rad1 Be6 14. Be3 d5 15.
cxd5 cxd5 16. Bb5 Bd7 17. Bxd7 Qxd7 18. Nxd5 Nxd5 19. Qxd5 Qxd5 20. Rxd5 f5 21.
Bd4 Bxd4+ 22. Rxd4 fxe4 23. fxe4 Re7 24. Kf2 Rf8+ 25. Ke2 Rxf1 26. Kxf1 Kf7 27.
Ke2 Ke6 28. Ke3 Rc7 29. Rd5 Rc2 30. Rd2 Rc4 31. Kf4 h6 32. h4 Rc1 33. g3 Rf1+
34. Ke3 Re1+ 35. Re2 Rc1 36. Rd2 Re1+ 37. Kd4 Rg1 38. Rd3 Rg2 39. Rb3 b6 40. a3
g5 41. hxg5 hxg5 42. Kc4 Re2 43. Kd4 Rg2 44. Kc4 Re2 45. Kd4 {(=)} 1/2-1/2

[Event "OLNW 2122 SV Hellern - SVG Salzgitter"]
[Site "?"]
[Date "2022.03.20"]
[Round "4.7"]
[White "Hesse, Juergen"]
[Black "Hart, Martin"]
[Result "0-1"]
[WhiteElo "1866"]
[BlackElo "2013"]
[PlyCount "74"]
[EventDate "2022.??.??"]

1. e4 Nf6 2. e5 Nd5 3. Qf3 e6 4. c3 c5 5. Bc4 Nb6 6. Bb3 c4 7. Bc2 d6 8. exd6
Bxd6 9. d4 Bd7 10. Ne2 Bc6 11. Be4 O-O 12. Bf4 f5 13. Bxc6 Nxc6 14. Bxd6 Qxd6
15. Na3 e5 16. O-O-O e4 17. Qf4 Qd5 18. h4 Na4 19. Qg5 b5 20. Nf4 Qf7 21. Nxb5
Qb7 22. b3 Qxb5 23. bxa4 Qxa4 24. Rd2 Qa3+ 25. Kd1 Qxc3 26. Ne6 Rf7 27. Rh3
Qa1+ 28. Ke2 Re8 29. d5 Ne5 30. Rg3 Nd3 31. Rd1 Qxa2+ 32. Rd2 Qa1 33. Rd1 Qa2+
34. Rd2 Qa1 35. Rd1 Qb2+ 36. Rd2 Qe5 37. Qh5 Rxe6 0-1

[Event "OLNW 2122 SV Hellern - SVG Salzgitter"]
[Site "?"]
[Date "2022.03.20"]
[Round "4.8"]
[White "Bade, Hans-Juergen"]
[Black "Koschetzki, Christian"]
[Result "1/2-1/2"]
[WhiteElo "1977"]
[BlackElo "1952"]
[PlyCount "40"]
[EventDate "2022.??.??"]

1. e4 c5 2. Nc3 e6 3. f4 Nc6 4. Nf3 Nf6 5. Bb5 Be7 6. O-O Nd4 7. a4 Nxb5 8.
axb5 d6 9. Qe2 O-O 10. Kh1 d5 11. e5 Ne8 12. b3 g6 13. d4 Ng7 14. dxc5 Bxc5 15.
Na4 Be7 16. Nd4 Bd7 17. Be3 a6 18. bxa6 bxa6 19. Rfd1 Qc7 20. c4 dxc4 {(=)}
1/2-1/2

[Event "OLNW 2122 SF Hannover - Delmenhorster S"]
[Site "?"]
[Date "2022.03.27"]
[Round "4.1"]
[White "Hoeffer, David"]
[Black "Pubantz, Jan"]
[Result "0-1"]
[WhiteElo "2332"]
[BlackElo "2269"]
[PlyCount "58"]
[EventDate "2022.??.??"]

1. e4 c6 2. d4 d5 3. exd5 cxd5 4. c4 Nf6 5. Nc3 Nc6 6. Nf3 a6 7. Bg5 Be6 8. Be2
g6 9. Bxf6 exf6 10. O-O Bg7 11. a3 O-O 12. Rc1 f5 13. b4 Rc8 14. b5 axb5 15.
cxb5 Na5 16. Na4 Qd6 17. Qd3 f4 18. Nc5 Bf5 19. Qc3 b6 20. Qb4 bxc5 21. dxc5
Qd8 22. Rfd1 Re8 23. Bd3 Bxd3 24. Rxd3 Re4 25. Qd2 Nc4 26. Qb4 Bf8 27. Nd4 Bxc5
28. Qc3 Bxd4 29. Rxd4 Nb6 0-1

[Event "OLNW 2122 SF Hannover - Delmenhorster S"]
[Site "?"]
[Date "2022.03.27"]
[Round "4.2"]
[White "Ackermann, Dennie"]
[Black "Korsus, Bernd"]
[Result "0-1"]
[WhiteElo "2117"]
[BlackElo "2285"]
[PlyCount "62"]
[EventDate "2022.??.??"]

1. d4 Nf6 2. Bf4 e6 3. Nc3 d5 4. f3 Bb4 5. Qd3 O-O 6. a3 Bd6 7. Bg5 h6 8. Bh4
c5 9. dxc5 Bxc5 10. O-O-O Nc6 11. e4 d4 12. Nb1 e5 13. Nd2 Be7 14. Kb1 Be6 15.
Ne2 Nxe4 16. Nxe4 Bxh4 17. g4 Rc8 18. Nc1 Na5 19. Qb5 Qc7 20. Bd3 Bc4 21. Qb4
Be7 22. Qd2 Qb6 23. Ka1 Qb5 24. g5 hxg5 25. h4 g4 26. fxg4 Qa4 27. Rh2 Bxa3 28.
bxa3 Qxa3+ 29. Kb1 Rc6 30. Nb3 Nxb3 31. cxb3 Qxb3+ 0-1

[Event "OLNW 2122 SF Hannover - Delmenhorster S"]
[Site "?"]
[Date "2022.03.27"]
[Round "4.3"]
[White "Pahl, Theis"]
[Black "Herrmann, Andreas"]
[Result "1-0"]
[WhiteElo "2200"]
[BlackElo "2051"]
[PlyCount "64"]
[EventDate "2022.??.??"]

1. e4 c5 2. Nc3 d6 3. d4 cxd4 4. Qxd4 Nc6 5. Qd2 Nf6 6. b3 g6 7. Bb2 Bg7 8. f3
O-O 9. g4 a6 10. g5 Ne8 11. h4 Nc7 12. O-O-O Re8 13. h5 Ne6 14. hxg6 fxg6 15.
Bc4 Ne5 16. Bd5 Nf7 17. Bxe6 Bxe6 18. Qh2 h5 19. gxh6 Bxh6+ 20. Kb1 Rc8 21.
Nge2 Bd7 22. Rdg1 g5 23. Qh5 Kf8 24. Qg6 e5 25. Rxh6 Re6 26. Qxe6 Bxe6 27. Rxe6
Qd7 28. Rf6 Kg7 29. Nd5 Qh3 30. Ng3 Qh2 31. Nf5+ Kg8 32. Rc1 Rc6 1-0

[Event "OLNW 2122 SF Hannover - Delmenhorster S"]
[Site "?"]
[Date "2022.03.27"]
[Round "4.4"]
[White "Simon, Ralf-Axel"]
[Black "Hedke, Fred"]
[Result "0-1"]
[WhiteElo "2151"]
[BlackElo "2230"]
[PlyCount "65"]
[EventDate "2022.??.??"]

1. c4 e6 2. Nf3 Nf6 3. Nc3 d5 4. d4 Be7 5. e3 O-O 6. Qc2 b6 7. cxd5 exd5 8. Bd3
c5 9. Ne5 Bb7 10. O-O Nc6 11. Nxc6 Bxc6 12. Bd2 c4 13. Bf5 g6 14. Bh3 b5 15. f3
Bd7 16. Bxd7 Qxd7 17. Rad1 b4 18. Ne2 Qc6 19. Be1 Rfe8 20. Bf2 a5 21. Rfe1 a4
22. Nc1 Qb5 23. Qe2 Bf8 24. Bg3 Bh6 25. Qf2 Ra6 26. Be5 Nd7 27. Qh4 Bf8 28. Bf4
Rae6 29. Bh6 Be7 30. Bg5 Bd6 31. e4 b3 32. a3 c3 33. Nd3 0-1

[Event "OLNW 2122 SF Hannover - Delmenhorster S"]
[Site "?"]
[Date "2022.03.27"]
[Round "4.5"]
[White "Pahl, Erik"]
[Black "Ploog, Martin"]
[Result "1/2-1/2"]
[WhiteElo "2138"]
[BlackElo "2056"]
[PlyCount "151"]
[EventDate "2022.??.??"]

1. e4 e6 2. d4 d5 3. Bd3 c5 4. exd5 exd5 5. Nf3 c4 6. Be2 Nf6 7. O-O Bd6 8. b3
cxb3 9. axb3 O-O 10. c4 Nc6 11. Nc3 Bb4 12. Nb5 Bg4 13. Ba3 Bxa3 14. Rxa3 Re8
15. h3 Bh5 16. g4 Bg6 17. Nc3 Qd6 18. Ra1 Nb4 19. Ne5 Ne4 20. Nxe4 Bxe4 21. Qd2
Nc2 22. c5 Qe6 23. f3 Nxa1 24. Rxa1 Bg6 25. f4 f6 26. f5 Qe7 27. Nxg6 Qxe2 28.
Qxe2 Rxe2 29. Nf4 Rd2 30. Nxd5 Rxd4 31. Nc7 Rc8 32. Ne6 Rb4 33. Rxa7 Rxb3 34.
Kg2 g6 35. Ra4 b6 36. c6 gxf5 37. gxf5 Rc3 38. c7 R3xc7 39. Nxc7 Rxc7 40. Ra8+
Kg7 41. Rb8 Rc6 42. Kf3 Kh6 43. Rb7 Rc3+ 44. Kg4 Rc4+ 45. Kg3 Kg5 46. Rxh7 Rc3+
47. Kf2 Rb3 48. h4+ Kxf5 49. Rf7 Kg6 50. Rf8 Rb5 51. Kf3 Rd5 52. Rg8+ Kf7 53.
Rb8 b5 54. Kg3 Kg6 55. Kf4 Rd4+ 56. Ke3 Rb4 57. Rb6 Kf5 58. h5 Rb3+ 59. Ke2 Rb1
60. h6 Kg6 61. h7 Rh1 62. Rxb5 Rxh7 63. Kf3 Ra7 64. Kg3 Ra3+ 65. Kf4 Ra4+ 66.
Kf3 f5 67. Rb8 Ra1 68. Rg8+ Kf7 69. Rb8 Rf1+ 70. Ke2 Rf4 71. Ke3 Re4+ 72. Kf3
Ra4 73. Ke3 Kg6 74. Rg8+ Kh5 75. Kf3 f4 76. Rf8 {(=)} 1/2-1/2

[Event "OLNW 2122 SF Hannover - Delmenhorster S"]
[Site "?"]
[Date "2022.03.27"]
[Round "4.6"]
[White "Koelle, Arthur"]
[Black "Margraf, Daniel"]
[Result "1-0"]
[WhiteElo "2160"]
[BlackElo "2254"]
[PlyCount "74"]
[EventDate "2022.??.??"]

1. d4 Nf6 2. Bf4 d5 3. e3 e6 4. Nf3 Be7 5. Nbd2 O-O 6. c3 b6 7. Ne5 Bb7 8. Bd3
Ne4 9. Qc2 f5 10. Bg3 c5 11. f3 Nxg3 12. hxg3 Nd7 13. Nxd7 Qxd7 14. f4 b5 15.
Nf3 b4 16. Ne5 Qd8 17. Kf2 a5 18. Qe2 h6 19. g4 Bd6 20. g5 Bxe5 21. dxe5 hxg5
22. Qh5 gxf4 23. exf4 Ba6 24. Qh7+ Kf7 25. Rh6 Rg8 26. Bxf5 Bc8 27. Bg4 Ke7 28.
Rah1 bxc3 29. bxc3 d4 30. R1h3 Rb8 31. Rd3 Ba6 32. Rd2 d3 33. Qg6 Rb6 34. Rh7
Qf8 35. f5 Kd8 36. Kg3 Kc7 37. f6 Kb7 1-0

[Event "OLNW 2122 SF Hannover - Delmenhorster S"]
[Site "?"]
[Date "2022.03.27"]
[Round "4.7"]
[White "Grebener, Soeren"]
[Black "Witthaus, Joerg"]
[Result "1/2-1/2"]
[WhiteElo "2005"]
[BlackElo "2014"]
[PlyCount "28"]
[EventDate "2022.??.??"]

1. e4 e5 2. Nf3 Nf6 3. Nxe5 d6 4. Nf3 Nxe4 5. d4 d5 6. Bd3 Be7 7. h3 O-O 8. O-O
Nc6 9. Re1 Bf5 10. c3 Qd7 11. Bf4 Rfe8 12. Ne5 Nxe5 13. Bxe5 Bd6 14. Bxd6 Nxd6
{(=)} 1/2-1/2

[Event "OLNW 2122 SF Hannover - Delmenhorster S"]
[Site "?"]
[Date "2022.03.27"]
[Round "4.8"]
[White "Schmidt, Benjamin"]
[Black "Meyer, Thorsten"]
[Result "1/2-1/2"]
[WhiteElo "1891"]
[BlackElo "1990"]
[PlyCount "73"]
[EventDate "2022.??.??"]

1. d4 Nf6 2. c4 d6 3. Nc3 g6 4. e4 Bg7 5. h3 O-O 6. Be3 Nbd7 7. Nf3 e5 8. d5 h6
9. g4 Kh7 10. Be2 b6 11. Nd2 Ng8 12. h4 Ne7 13. h5 g5 14. b4 c5 15. b5 Bf6 16.
a4 Qc7 17. O-O Bb7 18. Qc2 Kg8 19. Ra3 Rad8 20. Re1 Bg7 21. Nf1 Nf6 22. Ng3 Qd7
23. f3 Qc7 24. Rea1 Nd7 25. R1a2 Rb8 26. Bd3 Rbe8 27. Bd2 Rb8 28. Nd1 Rfe8 29.
Ne3 Rbd8 30. Qc1 f6 31. a5 Rb8 32. Ngf5 Nxf5 33. Nxf5 Nf8 34. axb6 axb6 35. Ra7
Nd7 36. Qb2 Bf8 37. Qa1 1/2-1/2

[Event "OLNW 2122 SVG Salzgitter - Hamelner SV"]
[Site "?"]
[Date "2022.04.24"]
[Round "5.1"]
[White "Bode, Wilfried"]
[Black "Riemay, David"]
[Result "1-0"]
[WhiteElo "2352"]
[BlackElo "2167"]
[PlyCount "67"]
[EventDate "2022.??.??"]

1. c4 e6 2. Nf3 d5 3. e3 Nf6 4. b3 Be7 5. Bb2 O-O 6. Nc3 b6 7. cxd5 exd5 8. Rc1
c5 9. d4 Bb7 10. Bd3 Nbd7 11. O-O Ne4 12. Qe2 Bf6 13. Ba6 Qc8 14. Bb5 Bc6 15.
Rfd1 Nxc3 16. Bxc3 Bxb5 17. Qxb5 a6 18. Qe2 c4 19. Bb4 Re8 20. bxc4 Qb7 21.
cxd5 Qxd5 22. Qc2 a5 23. Be1 Nf8 24. Qb3 Qxb3 25. axb3 b5 26. Ra1 a4 27. Bb4
Nd7 28. Rdc1 Nb6 29. bxa4 bxa4 30. Kf1 Nd5 31. Ba3 Reb8 32. e4 Nf4 33. Bd6 Nd3
34. Rc3 1-0

[Event "OLNW 2122 SVG Salzgitter - Hamelner SV"]
[Site "?"]
[Date "2022.04.24"]
[Round "5.2"]
[White "Cevik, Dietmar"]
[Black "Tonndorf, Matthias"]
[Result "0-1"]
[WhiteElo "2197"]
[BlackElo "2162"]
[PlyCount "34"]
[EventDate "2022.??.??"]

1. d4 Nf6 2. c4 e6 3. g3 c5 4. Nf3 cxd4 5. Nxd4 Qc7 6. Qa4 Na6 7. Bg2 Bb4+ 8.
Kf1 Qxc4 9. Be3 Nd5 10. Na3 Nxe3+ 11. fxe3 Qc7 12. Kf2 O-O 13. Rac1 Qe5 14.
Rxc8 Raxc8 15. Bxb7 Bd2 16. Nac2 Nc5 17. Qxa7 Rc7 0-1

[Event "OLNW 2122 SVG Salzgitter - Hamelner SV"]
[Site "?"]
[Date "2022.04.24"]
[Round "5.3"]
[White "Renner, Kai"]
[Black "Lau, Udo"]
[Result "1-0"]
[WhiteElo "2164"]
[BlackElo "2138"]
[PlyCount "113"]
[EventDate "2022.??.??"]

1. e4 c6 2. d4 d5 3. e5 h5 4. Bd3 g6 5. Nf3 Bg4 6. Nbd2 Qd7 7. O-O Nh6 8. Re1
e6 9. Nf1 Be7 10. c3 Nf5 11. N1d2 c5 12. dxc5 Bxc5 13. h3 Bxf3 14. Nxf3 Be7 15.
Bg5 Bxg5 16. Nxg5 Nc6 17. Qd2 Qe7 18. Rad1 O-O-O 19. g3 Kb8 20. Qf4 Rc8 21. Re2
Rc7 22. Nf3 Rhc8 23. Qd2 Qc5 24. Qf4 Qe7 25. Kg2 a6 26. Qg5 Qc5 27. g4 Ng7 28.
Qf6 Qf8 29. Ng5 Ne8 30. Qf4 Qg7 31. Nf3 Rd7 32. gxh5 gxh5+ 33. Kh2 Ka8 34. Rg1
Qh8 35. a3 Nd8 36. Qg5 f6 37. Qg8 Qxg8 38. Rxg8 fxe5 39. Nxe5 Re7 40. Ng6 Nc6
41. Nxe7 Nxe7 42. Rh8 Nc7 43. Rxh5 Nc6 44. f4 Rf8 45. Kg3 Kb8 46. Rg5 e5 47.
fxe5 Ne6 48. Rf5 Rg8+ 49. Kh2 Nc5 50. Bb1 d4 51. b4 d3 52. Rd2 Nd7 53. e6 Nde5
54. Rxd3 Nxd3 55. Bxd3 Rd8 56. Be4 Kc7 57. Bxc6 1-0

[Event "OLNW 2122 SVG Salzgitter - Hamelner SV"]
[Site "?"]
[Date "2022.04.24"]
[Round "5.4"]
[White "Nielsen, Lars"]
[Black "van Son, Lutz"]
[Result "1/2-1/2"]
[WhiteElo "2055"]
[BlackElo "2178"]
[PlyCount "36"]
[EventDate "2022.??.??"]

1. e4 e6 2. d4 d5 3. exd5 exd5 4. Bd3 Nc6 5. c3 Bd6 6. Qf3 Be6 7. Bf4 Nge7 8.
Bxd6 Qxd6 9. Ne2 O-O-O 10. Nd2 Rhe8 11. b4 g6 12. Nb3 Bf5 13. O-O Bxd3 14. Qxd3
Nf5 15. Nc5 Qf6 16. Qb5 Nd6 17. Qd3 Re7 18. a4 Qf5 {(=)} 1/2-1/2

[Event "OLNW 2122 SVG Salzgitter - Hamelner SV"]
[Site "?"]
[Date "2022.04.24"]
[Round "5.5"]
[White "Koch, Yannick"]
[Black "Lau, Siegfried"]
[Result "1/2-1/2"]
[WhiteElo "2087"]
[BlackElo "1986"]
[PlyCount "110"]
[EventDate "2022.??.??"]

1. d4 d5 2. c4 Nf6 3. cxd5 Nxd5 4. e4 Nb6 5. Nc3 c6 6. Be3 N8d7 7. Nf3 Nf6 8.
h3 h6 9. Bd3 Be6 10. Qe2 g5 11. h4 g4 12. Ne5 h5 13. d5 cxd5 14. Bb5+ Bd7 15.
Nxd7 Nfxd7 16. exd5 a6 17. Bd4 Rh6 18. Bd3 Qc7 19. O-O Qd6 20. Be3 Rh8 21. Ne4
Qe5 22. f4 gxf3 23. Rxf3 O-O-O 24. Rf5 Qxf5 25. Nd6+ exd6 26. Bxf5 Re8 27. Qc2+
Kb8 28. Bd4 Rg8 29. Qb3 Re2 30. Bh3 Bg7 31. Bxg7 Rxg7 32. Rc1 f5 33. a4 Re5 34.
Qc3 Nxd5 35. Qc8+ Ka7 36. Qh8 Rge7 37. Rc8 N7b6 38. Rc2 Nxa4 39. Qxh5 Nab6 40.
Qf3 f4 41. Qf2 Re1+ 42. Kh2 R7e4 43. h5 Ra1 44. Re2 Ne3 45. h6 Nbd5 46. h7 Re8
47. Be6 Rh8 48. Bg8 Rf1 49. Qh4 Nf5 50. Qg5 Ng3 51. Kh3 Nxe2 52. Qxd5 f3 53.
Qg5 Rh1+ 54. Kg4 fxg2 55. Qe3+ Kb8 1/2-1/2

[Event "OLNW 2122 SVG Salzgitter - Hamelner SV"]
[Site "?"]
[Date "2022.04.24"]
[Round "5.6"]
[White "Othmer, Michael"]
[Black "Jacobi, Felix-Hagen"]
[Result "0-1"]
[WhiteElo "1972"]
[BlackElo "2123"]
[PlyCount "64"]
[EventDate "2022.??.??"]

1. c4 e5 2. Nc3 Nc6 3. g3 d6 4. Bg2 Be6 5. d3 Qd7 6. e3 g6 7. Nd5 Bg7 8. Ne2
Nd8 9. f4 c6 10. Ndc3 Bh3 11. O-O h5 12. e4 h4 13. f5 Bxg2 14. Kxg2 gxf5 15.
Rxf5 Ne7 16. Rf3 hxg3 17. Rxg3 Ne6 18. Ng1 f5 19. Bg5 f4 20. Rg4 O-O-O 21. b4
Rh5 22. Bxe7 Qxe7 23. b5 c5 24. Nf3 Qd7 25. Kh1 Rdh8 26. Rg2 Bf6 27. Nd5 Bd8
28. a4 Qh7 29. a5 Rh3 30. a6 b6 31. Raa2 Qh5 32. Raf2 Nd4 0-1

[Event "OLNW 2122 SVG Salzgitter - Hamelner SV"]
[Site "?"]
[Date "2022.04.24"]
[Round "5.7"]
[White "Reichelt, Ole"]
[Black "Hesse, Juergen"]
[Result "1/2-1/2"]
[WhiteElo "1922"]
[BlackElo "1864"]
[PlyCount "101"]
[EventDate "2022.??.??"]

1. d4 Nf6 2. c4 g6 3. Nc3 Bg7 4. e4 d6 5. Nf3 O-O 6. Be2 c6 7. O-O e5 8. h3
Nbd7 9. Be3 Qe7 10. d5 c5 11. Qd2 Ne8 12. Bg5 f6 13. Bh6 g5 14. Bxg7 Qxg7 15.
Nh2 Qg6 16. Qd1 Ng7 17. Nb5 f5 18. exf5 Nxf5 19. Nc7 Rb8 20. Ne6 Nd4 21. Bd3
Qf6 22. Qh5 Qe7 23. Nxf8 Nxf8 24. Nf3 Nxf3+ 25. Qxf3 Bd7 26. a3 Qg7 27. Rfe1
Ng6 28. Bxg6 Qxg6 29. b4 Rf8 30. Qe3 b6 31. b5 Rf4 32. Rec1 h5 33. Ra2 h4 34.
f3 e4 35. Kh2 exf3 36. gxf3 Qf5 37. Rg2 Qxh3+ 38. Kg1 Qf5 39. Qe7 g4 40. fxg4
Rxg4 41. Qxh4 Qe4 42. Qd8+ Be8 43. Qxe8+ Qxe8 44. Rxg4+ Kh7 45. Kf2 Qh5 46.
Rcg1 Qf5+ 47. Kg3 Qe5+ 48. Kg2 Qe2+ 49. Kh1 Qf3+ 50. R4g2 Kh6 51. Kh2 {(=)}
1/2-1/2

[Event "OLNW 2122 SK Lehrte - SF Hannover"]
[Site "?"]
[Date "2022.03.06"]
[Round "7.1"]
[White "Pubantz, Jan"]
[Black "Stelmaszyk, Nico"]
[Result "1-0"]
[WhiteElo "2269"]
[BlackElo "2304"]
[PlyCount "95"]
[EventDate "2022.??.??"]

1. d4 d5 2. c4 e6 3. Nf3 Nf6 4. g3 Be7 5. Bg2 O-O 6. O-O dxc4 7. Qc2 b5 8. a4
b4 9. Qxc4 Bb7 10. Bf4 Nd5 11. Rc1 Nxf4 12. gxf4 Nd7 13. Ne5 Nb6 14. Qd3 Bxg2
15. Kxg2 Bd6 16. Nd2 Nd5 17. Qg3 f6 18. Nd3 g5 19. Qh3 f5 20. e3 gxf4 21. e4
fxe4 22. Qxe6+ Kh8 23. Qxe4 f3+ 24. Kh1 Nf4 25. Ne5 Nh3 26. Rf1 Rf4 27. Qxf4
Nxf4 28. Nf7+ Kg7 29. Nxd8 Rxd8 30. Nxf3 Nd3 31. b3 Rf8 32. Ne5 Nxe5 33. dxe5
Bxe5 34. Rae1 Bd6 35. f3 Rf5 36. Re4 Rd5 37. Rfe1 Kf6 38. R1e2 Kf5 39. Kg2 c5
40. Rh4 Rd3 41. Rxh7 Rxb3 42. Rh5+ Kg6 43. Rd5 Bf8 44. Re6+ Kf7 45. Rc6 Re3 46.
Rf5+ Kg7 47. Rc7+ Be7 48. Rfxc5 1-0